Giáo trình Tài chính chứng khoán ngân hàng
Uloženo v:
| Médium: | Kniha |
|---|---|
| Jazyk: | Undetermined |
| Témata: | |
| On-line přístup: | http://lrc.tdmu.edu.vn/opac/search/detail.asp?aID=2&ID=7888 |
| Tagy: |
Přidat tag
Žádné tagy, Buďte první, kdo otaguje tento záznam!
|
| Thư viện lưu trữ: | Trung tâm Học liệu Trường Đại học Thủ Dầu Một |
|---|
| LEADER | 00450nam a2200109Ia 4500 | ||
|---|---|---|---|
| 001 | TDMU_7888 | ||
| 008 | 210410s9999 xx 000 0 und d | ||
| 082 | |a 332.2 | ||
| 245 | 0 | |a Giáo trình Tài chính chứng khoán ngân hàng | |
| 650 | |a Kinh tế học Tài chính ; Chứng khoán ngân hàng | ||
| 856 | |u http://lrc.tdmu.edu.vn/opac/search/detail.asp?aID=2&ID=7888 | ||
| 980 | |a Trung tâm Học liệu Trường Đại học Thủ Dầu Một | ||